LEADER 01098nam0-22003491i-450- 001 990004694750403321 005 20110323120711.0 035 $a000469475 035 $aFED01000469475 035 $a(Aleph)000469475FED01 035 $a000469475 100 $a19990604d1972----km-y0itay50------ba 101 2 $afre 102 $aFR 105 $ay-------001yy 200 1 $aConsolation a Apollonios$fPlutarque$gtexte et traduction avec introduction et commentaire par Jean Hani 210 $aParis$cKlincksieck$d1972 215 $a205 p.$d24 cm 225 1 $aÉtudes et commentaires$v78 500 10$aConsolatio ad Apollonium$m$953746 610 0 $aPlutarco$aOpere morali$aConsolatio ad Apollonium 676 $a888 700 1$aHani,$bJean$0170505 801 0$aIT$bUNINA$gRICA$2UNIMARC 901 $aBK 912 $a990004694750403321 952 $aP2B-610-PLUT.-4012A-1972$bIst.Fil.Cl.1465$fFLFBC 952 $aP2B-610-PLUT.-4012A-1972 BIS$bBIBL. 46660$fNAP03 959 $aFLFBC 959 $aNAP03 996 $aConsolatio ad Apollonium$953746 997 $aUNINA LEADER 01016nam0-22003491i-450- 001 990007903020403321 005 20040705122122.0 010 $a88-900630-8-4 035 $a000790302 035 $aFED01000790302 035 $a(Aleph)000790302FED01 035 $a000790302 100 $a20040705d2003----km-y0itay50------ba 101 0 $aita$ceng 102 $aIT 105 $a--------001cy 200 1 $aTutto quello che sai è falso$fa cura di Russ Kick$gtraduzioni di Valentina Barbieri, Valentinna Fiaccadori...[et al.] 205 $a1. ed. 210 $aOzzano dell'Emilia (BO)$cNuovi Mondi Media$d2003 215 $a420 p.$d21 cm 300 $aTrad. di: Everything you know is wrong 610 0 $aCensura 610 0 $aPropaganda 676 $a303.376$v21$zita 702 1$aKick,$bRuss 801 0$aIT$bUNINA$gRICA$2UNIMARC 901 $aBK 912 $a990007903020403321 952 $a303.376 KIC 1$b2217$fBFS 959 $aBFS 996 $aTutto quello che sai è falso$9670632 997 $aUNINA